Elementary Logic
Guardado en:
| Autor principal: | |
|---|---|
| Otros Autores: | |
| Formato: | Libro |
| Lenguaje: | inglés |
| Publicado: |
London
Hodder and Stoughton
1980
|
| Edición: | 1. ed. |
| Etiquetas: |
Sin Etiquetas, Sea el primero en etiquetar este registro!
|
MARC
| LEADER | 00000nam a2200000 4500 | ||
|---|---|---|---|
| 001 | c024743 | ||
| 005 | 20250219075049.6 | ||
| 041 | 0 | |a eng | |
| 044 | |a GB | ||
| 245 | 1 | 0 | |a Elementary Logic |c D.J. O'Connor, Bettty Powell |
| 250 | |a 1. ed. | ||
| 264 | 1 | |a London |b Hodder and Stoughton |c 1980 | |
| 300 | |a 273 s. | ||
| 100 | 1 | |a O'Connor, D.J. | |
| 700 | 1 | |a Powell, Bettty | |